000 00421nam a2200169 a 4500
001 15632
005 20180713204345.0
008 140415s1992 000 0 spa d
020 _a1720326
041 _aspa
082 _a320.5
_bJES
245 0 0 _aJESUS REYES HEROLES :
_bVIDA Y OBRA
260 _a[s.l.] :
_bAEHP,
_c1992
300 _a118
490 _aCUADERNO
_v1
650 1 4 _aIDEOLOGIAS
_xPOLITICA
999 _c15632
_d15632